Thermodynamics (Record no. 1284)

000 -LEADER
fixed length control field 00633nam a22002294a 4500
001 - CONTROL NUMBER
control field 1284
003 - CONTROL NUMBER IDENTIFIER
control field BD-DhUET
008 - FIXED-LENGTH DATA ELEMENTS--GENERAL INFORMATION
fixed length control field 010119s2002 maua 001 0 eng
020 ## - INTERNATIONAL STANDARD BOOK NUMBER
International Standard Book Number 0070606595
040 ## - CATALOGING SOURCE
Original cataloging agency DLC
Transcribing agency DLC
Modifying agency BD-DhUET
082 00 - DEWEY DECIMAL CLASSIFICATION NUMBER
Classification number 621.01
Item number CEN/2006
100 1# - MAIN ENTRY--PERSONAL NAME
Personal name Çengel, Yunus A.
245 10 - TITLE STATEMENT
Title Thermodynamics
Remainder of title an engineering approach
250 ## - EDITION STATEMENT
Edition statement 5th ed.
260 ## - PUBLICATION, DISTRIBUTION, ETC. (IMPRINT)
Place of publication, distribution, etc. New Delhi
Name of publisher, distributor, etc. Tata McGraw-Hill
Date of publication, distribution, etc. 2006
300 ## - PHYSICAL DESCRIPTION
Extent xxxii, 946p.
Other physical details ill.
490 1# - SERIES STATEMENT
Series statement McGraw-Hill series in mechanical engineering
504 ## - BIBLIOGRAPHY, ETC. NOTE
Bibliography, etc Includes bibliographies

650 #0 - SUBJECT ADDED ENTRY--TOPICAL TERM
Topical term or geographic name as entry element Thermodynamics
700 1# - ADDED ENTRY--PERSONAL NAME
Personal name Boles, Michael A.
942 ## - ADDED ENTRY ELEMENTS (KOHA)
Koha item type General Book
Holdings
Koha date last seen Koha item type Copy number Koha out on loan Date acquired Koha full call number Sublocation or collection (holding branch) Source of classification or shelving scheme Koha normalized classification for sorting Not for loan Shelving location Koha date last borrowed Price effective from Koha issues (times borrowed) Lost status Withdrawn status Damaged status Piece designation (barcode) Location (home branch)
2026-04-22General Book12026-05-062014-09-02621.01/CEN/2006Central Library, BUET 621_000000000000000_01CEN2006 Circulation section2026-04-222014-09-0210   103975Central Library, BUET
2018-11-05General Book22018-11-192014-09-02621.01/CEN/2006Central Library, BUET 621_000000000000000_01CEN2006 Circulation section2018-11-052014-09-0211   103976Central Library, BUET
2016-03-01General Book32017-03-012014-09-23621.01/CEN/2006Central Library, BUET 621_000000000000000_01CEN2006 Circulation section2016-03-012014-09-233   103977Central Library, BUET
2026-03-30General Book42026-04-132015-09-07621.01/CEN/2006Central Library, BUET 621_010000000000000_CEN_2006 Circulation section2026-03-302015-09-0723   103978Central Library, BUET